000 00619nam a22002297a 4500
003 UA-OsUOA
001 93003
007 ta
008 20130110b un ||||| |||| 00| 0 ukr d
100 _aВазов І.
090 _a821.163.2
_bВ13
942 _cBK
040 _aUA-OsUOA
_bukr
_cUA-OsUOA
_dUA-OsUOA
245 _aОповідання
300 _a168 с.
955 _a3
041 _aukr
080 _a821.163.2
260 _aК.
_bДержавне в-во художньої літератури
_c1954
650 7 _a82 Література. Літературознавство
_2UDC
999 _c378958
_d378958